MELTDOWN - Travis Scott Lyrics - Statistics

General Stats
  • This quiz has been taken 229 times
  • The average score is 323 of 664
Answer Stats
Answer % Correct
T
99%
I
98%
"I
98%
a
96%
f—
89%
the
88%
The
88%
time,
87%
time
87%
shit
85%
is
82%
Is
82%
like
82%
Like
82%
fuck
80%
go
80%
yo'
80%
Me
78%
me
78%
me,
78%
of
78%
on
76%
this
76%
You
76%
you
76%
got
73%
no
73%
to
73%
6
72%
Yeah
71%
Yeah,
71%
bitch
70%
up
69%
we
68%
we,
68%
We
68%
in
67%
scared
67%
six
67%
they
67%
They
67%
crazy?
63%
crazy
63%
cup
63%
now
61%
Now
61%
and
60%
And
60%
my
60%
My
60%
fuckin'
59%
fuckin'—
59%
regular
59%
it
57%
that
56%
right
55%
but
54%
But,
54%
seven
54%
so
54%
dick
53%
quarter
52%
rising
52%
hoes
49%
your
49%
Your
49%
Famous
48%
I'm
48%
at
47%
some
47%
stay
47%
Tensions
47%
real
46%
She
46%
she
46%
definitely
44%
eleven
44%
lame
44%
Tee
44%
her
43%
her,
43%
love
42%
boy
41%
it's
41%
talk
41%
V
40%
when
40%
as
38%
T'd
38%
down
37%
Heard
37%
truth
37%
fucking
36%
therapist
36%
therapist,
36%
American
35%
cops
35%
melt
35%
really,
35%
really
35%
then
35%
turn
34%
chains
33%
embarrassing,
33%
Keep
33%
keep
33%
not
33%
Don't
32%
don't
32%
from
32%
heaven
32%
open
32%
After
31%
wear
30%
act
29%
all
29%
boss
29%
new
29%
put
29%
been
27%
bodyguard
27%
DaBaby
27%
inherit
27%
wanna
27%
work
27%
7-Eleven
26%
about
26%
'cause
26%
'Cause
26%
Arabic
25%
are
25%
around,
25%
around
25%
bab
25%
for
25%
Give
25%
golf
25%
joint,
25%
just
25%
terrorist
25%
bought
24%
I'd
24%
satanic,
24%
Since
24%
since
24%
Teatime
24%
TV
24%
was
24%
couple,
23%
heritage
23%
Louis
23%
producers
23%
'bout
22%
come
22%
Or
22%
or
22%
out
22%
out,
22%
think
22%
with
22%
arrogant
21%
baby,
21%
weapons
21%
even
20%
grr,
20%
rack,
20%
told
20%
us,
20%
wait
20%
wearing
20%
wire
20%
airing
19%
AP
19%
Brady
19%
hit
19%
t-time,
19%
cash"
18%
hard
18%
lucky
18%
parents
18%
said
18%
done
17%
fluke
17%
house,
17%
maybe
17%
members
17%
suing
17%
Texas
17%
what?
17%
hung
16%
let
16%
Man,
16%
Mercedes
16%
Messi,
16%
nigga
16%
one-three
16%
pull
16%
shawty
16%
shoot
16%
Tom
16%
Vogue
16%
Willy
16%
Paris
15%
Wonka
15%
ain't
14%
bread
14%
factory
14%
"Free
14%
gon'
14%
million
14%
spin
14%
back
13%
know
13%
ready
13%
stare
13%
Walmart
13%
want
13%
askin'
12%
ass
12%
boys
12%
can't
12%
confessing
12%
flame
12%
have
12%
juice,
12%
narrative
12%
off
12%
old
12%
schedule
12%
Always
11%
I'll
11%
life
11%
ran
11%
screamin',
11%
would've
11%
another
10%
calories,
10%
Lionel
10%
pickup
10%
sparing
10%
truck,
10%
days
9%
hot
9%
repairing
9%
bust
8%
calls
8%
celly
8%
cheese,
8%
Chocolate
8%
chocolate
8%
find
8%
gravy
8%
Jeffrey"
8%
panties
8%
poppin'
8%
reverend
8%
talkin'
8%
Uh
8%
belly
7%
club
7%
collect
7%
going
7%
gotta
7%
lost
7%
property
7%
Scarface,
7%
side,
7%
stake,
7%
started
7%
Used
7%
Wassas
7%
way
7%
Burn
6%
comparisons,
6%
faded
6%
hang,
6%
same
6%
spinnin'
6%
whippin'
6%
wrap
6%
army,
5%
blues,
5%
heavy
5%
Them
5%
Vs,
5%
what's
5%
athlete
4%
Connect
4%
met
4%
need
4%
raw
4%
these
4%
yours
4%
brown
3%
Gave
3%
I've
3%
Makaveli
3%
move
3%
Niggas
3%
outside
3%
Swanging
3%
Wrappin'
3%
greatest
2%
hanging
2%
inching
2%
Make
2%
sincere,
2%
Bailey
1%
Barnum's
1%
Blickey
1%
circus
1%
rollin'
1%
tuck
1%
banging
0%
clique
0%
No matching quizzes found
Score Distribution
Percent of People with Each Score
Percentile by Number Answered
Your Score History
You have not taken this quiz